| 000 | 01009nam a22002897a 4500 | ||
|---|---|---|---|
| 001 | 9166 | ||
| 003 | FISKH | ||
| 005 | 20251126123935.0 | ||
| 008 | 251126b cb ||||| |||| 00| 0 eng d | ||
| 020 | _a9781416954002 | ||
| 040 |
_aFISKH _beng _cFISKH _dFISKH |
||
| 050 | _aPZ7.B2752 T | ||
| 082 | _a458 | ||
| 100 |
_aBarrett, Judi _eAuthor |
||
| 245 |
_aThings that are most in the world / _cby Judi Barrett ; Illustrated by John Nickle |
||
| 260 |
_aNew York : _bSimon & Schuster , _c1998 |
||
| 300 |
_a28 unnumbered pages : _billustrations ; _c18 cm |
||
| 505 | _aJ | ||
| 520 | _aThe reader who wants to know what are the quietest, silliest, smelliest, wiggliest things in the world finds imaginative answers to these and other questions about superlatives. | ||
| 521 | 8 |
_a450
_bLexile |
|
| 521 | 8 |
_aJ
_bRaz-Plus |
|
| 650 |
_aChildren's literature _vComparative adjectives |
||
| 650 |
_aAnimals _vAdjectives |
||
| 700 |
_aNickle, John _eIllustrator |
||
| 942 |
_2ddc _cBK _n0 |
||
| 999 |
_c9166 _d9166 |
||